01012 2200373 4500001002100000005001700021008004100038020002200079035002400101040001200125082001500137084001700152100001300169245009100182250001100273260003300284300002200317504003000339650002700369700001400396850001200410990001800422990001800440990001800458990001800476990001800494990001800512990001800530990001800548990001800566990001800584990001800602990001800620INLIS00000000001151820170119084806.0  a978-602-978-457-6 0010-091500000000031 aYOPDYOG 223a297.23 a297.23 Hor D aHORRIYAH aDosa-dosa identik dengan laki-laki paling dibenci Allahc/ Horriyah; Editor, Rusdianto aCet. 3 aJogjakartabDiva Pressc2012 a152 hlm.c; 20 cm aBibliografi: hlm. 151-152 aIslam, Pahala dan Dosa aRUSDIANTO aYOPDYOG a49264-PD/A.15 a49265-PD/A.15 a49266-PD/A.15 a49597-PD/A.15 a49598-PD/A.15 a49599-PD/A.15 a49598-PD/A.15 a49264-PD/A.15 a49265-PD/A.15 a49266-PD/A.15 a49597-PD/A.15 a49599-PD/A.15